<?xml version="1.0" encoding="UTF-8"?>
<record
    xmlns:xsi="http://www.w3.org/2001/XMLSchema-instance"
    xsi:schemaLocation="http://www.loc.gov/MARC21/slim http://www.loc.gov/standards/marcxml/schema/MARC21slim.xsd"
    xmlns="http://www.loc.gov/MARC21/slim">

  <leader>01167nam a2200325 ia4500</leader>
  <controlfield tag="001">C2-0305465</controlfield>
  <controlfield tag="003">PPAK</controlfield>
  <controlfield tag="005">20210624230810.0</controlfield>
  <controlfield tag="007">ta</controlfield>
  <controlfield tag="008">100823s        my a|||j |||||  |   may d</controlfield>
  <datafield tag="020" ind1=" " ind2=" ">
    <subfield code="a">9832576717</subfield>
    <subfield code="q">hardback           </subfield>
    <subfield code="c">                                        </subfield>
  </datafield>
  <datafield tag="040" ind1=" " ind2=" ">
    <subfield code="a">PPAK</subfield>
    <subfield code="b">eng</subfield>
    <subfield code="c">PPAK</subfield>
    <subfield code="e">rda</subfield>
  </datafield>
  <datafield tag="082" ind1="0" ind2="4">
    <subfield code="a">069.209595</subfield>
    <subfield code="2">23</subfield>
  </datafield>
  <datafield tag="090" ind1="0" ind2="0">
    <subfield code="a">069.209595</subfield>
    <subfield code="b">ZAI</subfield>
    <subfield code="d">RK</subfield>
  </datafield>
  <datafield tag="100" ind1="0" ind2=" ">
    <subfield code="a">Fatin Diyana Mohamad Anuar,</subfield>
    <subfield code="e">author.</subfield>
  </datafield>
  <datafield tag="245" ind1="1" ind2="0">
    <subfield code="a">Muzium Maritim /</subfield>
    <subfield code="c">Fatin Diyana Mohamad Anuar ; Nor Amani Aziz, Norhelmiza Mat Rahim, Fatin Diyana Mohamad Anuar</subfield>
  </datafield>
  <datafield tag="264" ind1=" " ind2="1">
    <subfield code="a">Kuala Lumpur : </subfield>
    <subfield code="b">Era Visi,</subfield>
    <subfield code="c">[Date of publication not identified]</subfield>
  </datafield>
  <datafield tag="300" ind1=" " ind2=" ">
    <subfield code="a">27 pages : </subfield>
    <subfield code="b">colour illustrations ; </subfield>
    <subfield code="c">27 cm.</subfield>
  </datafield>
  <datafield tag="336" ind1=" " ind2=" ">
    <subfield code="2">rdacontent</subfield>
    <subfield code="a">text</subfield>
  </datafield>
  <datafield tag="337" ind1=" " ind2=" ">
    <subfield code="2">rdamedia</subfield>
    <subfield code="a">unmediated</subfield>
  </datafield>
  <datafield tag="338" ind1=" " ind2=" ">
    <subfield code="2">rdacarrier</subfield>
    <subfield code="a">volume</subfield>
  </datafield>
  <datafield tag="490" ind1="1" ind2=" ">
    <subfield code="a">Siri kenali muzium</subfield>
  </datafield>
  <datafield tag="650" ind1="1" ind2="0">
    <subfield code="a">Museums </subfield>
    <subfield code="z">Malaysia  </subfield>
    <subfield code="v">Juvenile literature</subfield>
  </datafield>
  <datafield tag="650" ind1="2" ind2="0">
    <subfield code="a">Navigation </subfield>
    <subfield code="x">History </subfield>
    <subfield code="x">Juvenile literature</subfield>
  </datafield>
  <datafield tag="700" ind1="0" ind2=" ">
    <subfield code="a">Nor Amani Aziz,</subfield>
    <subfield code="e">editor.</subfield>
  </datafield>
  <datafield tag="700" ind1="0" ind2=" ">
    <subfield code="a">Norhelmiza Mat Rahim,</subfield>
    <subfield code="e">editor.</subfield>
  </datafield>
  <datafield tag="700" ind1="0" ind2=" ">
    <subfield code="a">Fatin Diyana Mohamad Anuar,</subfield>
    <subfield code="e">editor.</subfield>
  </datafield>
  <datafield tag="830" ind1=" " ind2="0">
    <subfield code="a">Siri kenali muzium</subfield>
  </datafield>
  <datafield tag="942" ind1=" " ind2=" ">
    <subfield code="c">B</subfield>
    <subfield code="2">ddc</subfield>
  </datafield>
  <datafield tag="999" ind1=" " ind2=" ">
    <subfield code="c">108466</subfield>
    <subfield code="d">108466</subfield>
  </datafield>
  <datafield tag="952" ind1=" " ind2=" ">
    <subfield code="0">0</subfield>
    <subfield code="7">1</subfield>
    <subfield code="b">PPAK</subfield>
    <subfield code="c">RK</subfield>
    <subfield code="d">2010-08-23</subfield>
    <subfield code="o">RK 069.209595 ZAI</subfield>
    <subfield code="p">A01352723</subfield>
    <subfield code="r">2018-05-09 00:00:00</subfield>
    <subfield code="y">B</subfield>
  </datafield>
  <datafield tag="952" ind1=" " ind2=" ">
    <subfield code="0">0</subfield>
    <subfield code="7">1</subfield>
    <subfield code="b">JT</subfield>
    <subfield code="c">RK</subfield>
    <subfield code="d">2010-08-23</subfield>
    <subfield code="o">RK 069.209595 ZAI</subfield>
    <subfield code="p">A01352724</subfield>
    <subfield code="r">2018-05-09 00:00:00</subfield>
    <subfield code="y">B</subfield>
  </datafield>
  <datafield tag="952" ind1=" " ind2=" ">
    <subfield code="0">0</subfield>
    <subfield code="7">1</subfield>
    <subfield code="b">KM</subfield>
    <subfield code="c">RK</subfield>
    <subfield code="d">2010-08-23</subfield>
    <subfield code="o">RK 069.209595 ZAI</subfield>
    <subfield code="p">A01352725</subfield>
    <subfield code="r">2018-05-09 00:00:00</subfield>
    <subfield code="y">B</subfield>
  </datafield>
  <datafield tag="952" ind1=" " ind2=" ">
    <subfield code="0">0</subfield>
    <subfield code="7">1</subfield>
    <subfield code="b">BL</subfield>
    <subfield code="c">RK</subfield>
    <subfield code="d">2010-08-23</subfield>
    <subfield code="o">RK 069.209595 ZAI</subfield>
    <subfield code="p">A01352726</subfield>
    <subfield code="r">2018-05-09 00:00:00</subfield>
    <subfield code="y">B</subfield>
  </datafield>
  <datafield tag="952" ind1=" " ind2=" ">
    <subfield code="0">0</subfield>
    <subfield code="7">1</subfield>
    <subfield code="b">LW</subfield>
    <subfield code="c">RK</subfield>
    <subfield code="d">2010-08-23</subfield>
    <subfield code="o">RK 069.209595 ZAI</subfield>
    <subfield code="p">A01352727</subfield>
    <subfield code="r">2018-05-09 00:00:00</subfield>
    <subfield code="y">B</subfield>
  </datafield>
  <datafield tag="952" ind1=" " ind2=" ">
    <subfield code="0">0</subfield>
    <subfield code="7">1</subfield>
    <subfield code="b">BB</subfield>
    <subfield code="c">RK</subfield>
    <subfield code="d">2010-08-23</subfield>
    <subfield code="o">RK 069.209595 ZAI</subfield>
    <subfield code="p">A01352728</subfield>
    <subfield code="r">2018-05-09 00:00:00</subfield>
    <subfield code="y">B</subfield>
  </datafield>
  <datafield tag="952" ind1=" " ind2=" ">
    <subfield code="0">0</subfield>
    <subfield code="7">1</subfield>
    <subfield code="b">MR</subfield>
    <subfield code="c">RK</subfield>
    <subfield code="d">2010-08-23</subfield>
    <subfield code="o">RK 069.209595 ZAI</subfield>
    <subfield code="p">A01352729</subfield>
    <subfield code="r">2018-05-09 00:00:00</subfield>
    <subfield code="y">B</subfield>
  </datafield>
  <datafield tag="952" ind1=" " ind2=" ">
    <subfield code="0">0</subfield>
    <subfield code="7">1</subfield>
    <subfield code="b">SP</subfield>
    <subfield code="c">RK</subfield>
    <subfield code="d">2018-06-06</subfield>
    <subfield code="o">RK 069.209595 ZAI</subfield>
    <subfield code="p">A00736646</subfield>
    <subfield code="r">2018-06-06 00:00:00</subfield>
    <subfield code="y">B</subfield>
  </datafield>
</record>
